<?xml version="1.0" encoding="UTF-8"?>
<collection xmlns="http://www.loc.gov/MARC21/slim">
 <record>
  <leader>07252nas a22008531  4500</leader>
  <controlfield tag="001">1/50377</controlfield>
  <controlfield tag="008">031024c19859999nyuqr1p       0   a0eng d</controlfield>
  <datafield tag="022" ind1=" " ind2=" ">
   <subfield code="a">8756-1417</subfield>
  </datafield>
  <datafield tag="022" ind1="0" ind2=" ">
   <subfield code="a">2158-2866</subfield>
  </datafield>
  <datafield tag="035" ind1=" " ind2=" ">
   <subfield code="l">24424</subfield>
  </datafield>
  <datafield tag="040" ind1=" " ind2=" ">
   <subfield code="a">DLC</subfield>
   <subfield code="b">GR-PeUP</subfield>
  </datafield>
  <datafield tag="090" ind1=" " ind2=" ">
   <subfield code="a">Αλφαβητική σειρά</subfield>
  </datafield>
  <datafield tag="245" ind1="0" ind2="0">
   <subfield code="a">Journal of ship production.</subfield>
  </datafield>
  <datafield tag="246" ind1="1" ind2="2">
   <subfield code="a">Journal of ship production and design.</subfield>
  </datafield>
  <datafield tag="260" ind1=" " ind2=" ">
   <subfield code="a">New York :</subfield>
   <subfield code="b">Society of Naval Architects and Marine Engineers,</subfield>
   <subfield code="c">1985-</subfield>
  </datafield>
  <datafield tag="300" ind1=" " ind2=" ">
   <subfield code="a">v. :</subfield>
   <subfield code="b">ill. ;</subfield>
   <subfield code="c">28 cm.</subfield>
  </datafield>
  <datafield tag="310" ind1=" " ind2=" ">
   <subfield code="a">Quarterly.</subfield>
  </datafield>
  <datafield tag="362" ind1="0" ind2=" ">
   <subfield code="a">Vol.19 , no.1 (Feb. 2003) -</subfield>
  </datafield>
  <datafield tag="546" ind1=" " ind2=" ">
   <subfield code="a">English.</subfield>
  </datafield>
  <datafield tag="650" ind1=" " ind2="4">
   <subfield code="a">Shipbuilding</subfield>
   <subfield code="v">Periodicals.</subfield>
  </datafield>
  <datafield tag="852" ind1=" " ind2=" ">
   <subfield code="a">INST</subfield>
   <subfield code="b">UNIPILB</subfield>
   <subfield code="c">SERIALS</subfield>
   <subfield code="e">20041129</subfield>
   <subfield code="h">Αλφαβητική σειρά</subfield>
   <subfield code="p">38062</subfield>
   <subfield code="q">38062</subfield>
   <subfield code="t">NOLOAN</subfield>
   <subfield code="v">vol.19;no.1:(Μήνας)February;(Έτος)2003</subfield>
   <subfield code="y">23</subfield>
  </datafield>
  <datafield tag="852" ind1=" " ind2=" ">
   <subfield code="a">INST</subfield>
   <subfield code="b">UNIPILB</subfield>
   <subfield code="c">SERIALS</subfield>
   <subfield code="e">20041129</subfield>
   <subfield code="h">Αλφαβητική σειρά</subfield>
   <subfield code="p">38063</subfield>
   <subfield code="q">38063</subfield>
   <subfield code="t">NOLOAN</subfield>
   <subfield code="v">vol.19;no.2:(Μήνας)May;(Έτος)2003</subfield>
   <subfield code="y">23</subfield>
  </datafield>
  <datafield tag="852" ind1=" " ind2=" ">
   <subfield code="a">INST</subfield>
   <subfield code="b">UNIPILB</subfield>
   <subfield code="c">SERIALS</subfield>
   <subfield code="e">20041129</subfield>
   <subfield code="h">Αλφαβητική σειρά</subfield>
   <subfield code="p">38064</subfield>
   <subfield code="q">38064</subfield>
   <subfield code="t">NOLOAN</subfield>
   <subfield code="v">vol.19;no.3:(Μήνας)August;(Έτος)2003</subfield>
   <subfield code="y">23</subfield>
  </datafield>
  <datafield tag="852" ind1=" " ind2=" ">
   <subfield code="a">INST</subfield>
   <subfield code="b">UNIPILB</subfield>
   <subfield code="c">SERIALS</subfield>
   <subfield code="e">20041129</subfield>
   <subfield code="h">Αλφαβητική σειρά</subfield>
   <subfield code="p">38065</subfield>
   <subfield code="q">38065</subfield>
   <subfield code="t">NOLOAN</subfield>
   <subfield code="v">vol.19;no.4:(Μήνας)November;(Έτος)2003</subfield>
   <subfield code="y">23</subfield>
  </datafield>
  <datafield tag="852" ind1=" " ind2=" ">
   <subfield code="a">INST</subfield>
   <subfield code="b">UNIPILB</subfield>
   <subfield code="c">SERIALS</subfield>
   <subfield code="e">20050118</subfield>
   <subfield code="h">Αλφαβητική σειρά</subfield>
   <subfield code="p">38929</subfield>
   <subfield code="q">38929</subfield>
   <subfield code="t">NOLOAN</subfield>
   <subfield code="v">vol.20;no.1:(Μήνας)February;(Έτος)2004</subfield>
   <subfield code="y">23</subfield>
  </datafield>
  <datafield tag="852" ind1=" " ind2=" ">
   <subfield code="a">INST</subfield>
   <subfield code="b">UNIPILB</subfield>
   <subfield code="c">SERIALS</subfield>
   <subfield code="e">20050118</subfield>
   <subfield code="h">Αλφαβητική σειρά</subfield>
   <subfield code="p">38930</subfield>
   <subfield code="q">38930</subfield>
   <subfield code="t">NOLOAN</subfield>
   <subfield code="v">vol.20;no.2:(Μήνας)May;(Έτος)2004</subfield>
   <subfield code="y">23</subfield>
  </datafield>
  <datafield tag="852" ind1=" " ind2=" ">
   <subfield code="a">INST</subfield>
   <subfield code="b">UNIPILB</subfield>
   <subfield code="c">SERIALS</subfield>
   <subfield code="e">20051024</subfield>
   <subfield code="h">Αλφαβητική σειρά</subfield>
   <subfield code="p">47912</subfield>
   <subfield code="q">47912</subfield>
   <subfield code="t">NOLOAN</subfield>
   <subfield code="v">vol.20;no.3:(Μήνας)August;(Έτος)2004</subfield>
   <subfield code="y">23</subfield>
  </datafield>
  <datafield tag="852" ind1=" " ind2=" ">
   <subfield code="a">INST</subfield>
   <subfield code="b">UNIPILB</subfield>
   <subfield code="c">SERIALS</subfield>
   <subfield code="e">20051024</subfield>
   <subfield code="h">Αλφαβητική σειρά</subfield>
   <subfield code="p">47913</subfield>
   <subfield code="q">47913</subfield>
   <subfield code="t">NOLOAN</subfield>
   <subfield code="v">vol.20;no.4:(Μήνας)November;(Έτος)2004</subfield>
   <subfield code="y">23</subfield>
  </datafield>
  <datafield tag="852" ind1=" " ind2=" ">
   <subfield code="a">INST</subfield>
   <subfield code="b">UNIPILB</subfield>
   <subfield code="c">SERIALS</subfield>
   <subfield code="e">20051129</subfield>
   <subfield code="h">Αλφαβητική σειρά</subfield>
   <subfield code="p">48837</subfield>
   <subfield code="q">48837</subfield>
   <subfield code="t">NOLOAN</subfield>
   <subfield code="v">vol.21;no.1:(Μήνας)February;(Έτος)2005</subfield>
   <subfield code="y">23</subfield>
  </datafield>
  <datafield tag="852" ind1=" " ind2=" ">
   <subfield code="a">INST</subfield>
   <subfield code="b">UNIPILB</subfield>
   <subfield code="c">SERIALS</subfield>
   <subfield code="e">20051129</subfield>
   <subfield code="h">Αλφαβητική σειρά</subfield>
   <subfield code="p">48838</subfield>
   <subfield code="q">48838</subfield>
   <subfield code="t">NOLOAN</subfield>
   <subfield code="v">vol.21;no.2:(Μήνας)May;(Έτος)2005</subfield>
   <subfield code="y">23</subfield>
  </datafield>
  <datafield tag="852" ind1=" " ind2=" ">
   <subfield code="a">INST</subfield>
   <subfield code="b">UNIPILB</subfield>
   <subfield code="c">SERIALS</subfield>
   <subfield code="e">20051129</subfield>
   <subfield code="h">Αλφαβητική σειρά</subfield>
   <subfield code="p">48839</subfield>
   <subfield code="q">48839</subfield>
   <subfield code="t">NOLOAN</subfield>
   <subfield code="v">vol.21;no.3:(Μήνας)August;(Έτος)2005</subfield>
   <subfield code="y">23</subfield>
  </datafield>
  <datafield tag="852" ind1=" " ind2=" ">
   <subfield code="a">INST</subfield>
   <subfield code="b">UNIPILB</subfield>
   <subfield code="c">SERIALS</subfield>
   <subfield code="e">20070913</subfield>
   <subfield code="h">Αλφαβητική σειρά</subfield>
   <subfield code="p">57107</subfield>
   <subfield code="q">57107</subfield>
   <subfield code="t">NOLOAN</subfield>
   <subfield code="v">vol.23;no.1:(Μήνας)February;(Έτος)2007</subfield>
   <subfield code="y">23</subfield>
  </datafield>
  <datafield tag="852" ind1=" " ind2=" ">
   <subfield code="a">INST</subfield>
   <subfield code="b">UNIPILB</subfield>
   <subfield code="c">SERIALS</subfield>
   <subfield code="e">20070913</subfield>
   <subfield code="h">Αλφαβητική σειρά</subfield>
   <subfield code="p">57108</subfield>
   <subfield code="q">57108</subfield>
   <subfield code="t">NOLOAN</subfield>
   <subfield code="v">vol.23;no.2:(Μήνας)May;(Έτος)2007</subfield>
   <subfield code="y">23</subfield>
  </datafield>
  <datafield tag="852" ind1=" " ind2=" ">
   <subfield code="a">INST</subfield>
   <subfield code="b">UNIPILB</subfield>
   <subfield code="c">SERIALS</subfield>
   <subfield code="e">20071019</subfield>
   <subfield code="h">Αλφαβητική σειρά</subfield>
   <subfield code="p">57731</subfield>
   <subfield code="q">57731</subfield>
   <subfield code="t">NOLOAN</subfield>
   <subfield code="v">vol.23;no.3:(Μήνας)August;(Έτος)2007</subfield>
   <subfield code="y">23</subfield>
  </datafield>
  <datafield tag="852" ind1=" " ind2=" ">
   <subfield code="a">INST</subfield>
   <subfield code="b">UNIPILB</subfield>
   <subfield code="c">SERIALS</subfield>
   <subfield code="e">20080205</subfield>
   <subfield code="h">Αλφαβητική σειρά</subfield>
   <subfield code="p">59615</subfield>
   <subfield code="q">59615</subfield>
   <subfield code="t">NOLOAN</subfield>
   <subfield code="v">vol.23;no.4:(Μήνας)November;(Έτος)2007</subfield>
   <subfield code="y">23</subfield>
  </datafield>
  <datafield tag="852" ind1=" " ind2=" ">
   <subfield code="a">INST</subfield>
   <subfield code="b">UNIPILB</subfield>
   <subfield code="c">SERIALS</subfield>
   <subfield code="e">20100721</subfield>
   <subfield code="h">Αλφαβητική σειρά</subfield>
   <subfield code="p">69592</subfield>
   <subfield code="q">69592</subfield>
   <subfield code="t">NOLOAN</subfield>
   <subfield code="v">vol.26;no.1:(Μήνας)February;(Έτος)2010</subfield>
   <subfield code="y">23</subfield>
  </datafield>
  <datafield tag="852" ind1=" " ind2=" ">
   <subfield code="a">INST</subfield>
   <subfield code="b">UNIPILB</subfield>
   <subfield code="c">SERIALS</subfield>
   <subfield code="e">20100907</subfield>
   <subfield code="h">Αλφαβητική σειρά</subfield>
   <subfield code="p">69772</subfield>
   <subfield code="q">69772</subfield>
   <subfield code="t">NOLOAN</subfield>
   <subfield code="v">vol.26;no.2:(Μήνας)May;(Έτος)2010</subfield>
   <subfield code="y">23</subfield>
  </datafield>
  <datafield tag="852" ind1=" " ind2=" ">
   <subfield code="a">INST</subfield>
   <subfield code="b">UNIPILB</subfield>
   <subfield code="c">SERIALS</subfield>
   <subfield code="e">20101007</subfield>
   <subfield code="h">Αλφαβητική σειρά</subfield>
   <subfield code="p">70081</subfield>
   <subfield code="q">70081</subfield>
   <subfield code="t">NOLOAN</subfield>
   <subfield code="v">vol.26;no.3:(Μήνας)August;(Έτος)2010</subfield>
   <subfield code="y">23</subfield>
  </datafield>
  <datafield tag="852" ind1=" " ind2=" ">
   <subfield code="a">INST</subfield>
   <subfield code="b">UNIPILB</subfield>
   <subfield code="c">SERIALS</subfield>
   <subfield code="e">20101112</subfield>
   <subfield code="h">Αλφαβητική σειρά</subfield>
   <subfield code="p">70558</subfield>
   <subfield code="q">70558</subfield>
   <subfield code="t">NOLOAN</subfield>
   <subfield code="v">vol.26;no.4:(Μήνας)November;(Έτος)2010</subfield>
   <subfield code="y">23</subfield>
  </datafield>
  <datafield tag="852" ind1=" " ind2=" ">
   <subfield code="a">INST</subfield>
   <subfield code="b">UNIPILB</subfield>
   <subfield code="c">SERIALS</subfield>
   <subfield code="e">20111101</subfield>
   <subfield code="h">Αλφαβητική σειρά</subfield>
   <subfield code="p">73188</subfield>
   <subfield code="q">73188</subfield>
   <subfield code="t">NOLOAN</subfield>
   <subfield code="v">vol.27;no.3:(Μήνας)August;(Έτος)2011</subfield>
   <subfield code="y">23</subfield>
  </datafield>
  <datafield tag="852" ind1=" " ind2=" ">
   <subfield code="a">INST</subfield>
   <subfield code="b">UNIPILB</subfield>
   <subfield code="c">SERIALS</subfield>
   <subfield code="e">20111128</subfield>
   <subfield code="h">Αλφαβητική σειρά</subfield>
   <subfield code="p">73613</subfield>
   <subfield code="q">73613</subfield>
   <subfield code="t">NOLOAN</subfield>
   <subfield code="v">vol.27;no.4:(Μήνας)November;(Έτος)2011</subfield>
   <subfield code="y">23</subfield>
  </datafield>
  <datafield tag="852" ind1=" " ind2=" ">
   <subfield code="a">INST</subfield>
   <subfield code="b">UNIPILB</subfield>
   <subfield code="c">SERIALS</subfield>
   <subfield code="e">20120524</subfield>
   <subfield code="h">Αλφαβητική σειρά</subfield>
   <subfield code="p">75566</subfield>
   <subfield code="q">75566</subfield>
   <subfield code="t">NOLOAN</subfield>
   <subfield code="v">vol.28;no.2:(Μήνας)May;(Έτος)2012</subfield>
   <subfield code="y">23</subfield>
  </datafield>
  <datafield tag="852" ind1=" " ind2=" ">
   <subfield code="a">INST</subfield>
   <subfield code="b">UNIPILB</subfield>
   <subfield code="c">SERIALS</subfield>
   <subfield code="e">20120829</subfield>
   <subfield code="h">Αλφαβητική σειρά</subfield>
   <subfield code="p">76329</subfield>
   <subfield code="q">76329</subfield>
   <subfield code="t">NOLOAN</subfield>
   <subfield code="v">vol.28;no.1:(Μήνας)February;(Έτος)2012</subfield>
   <subfield code="y">23</subfield>
  </datafield>
  <datafield tag="852" ind1=" " ind2=" ">
   <subfield code="a">INST</subfield>
   <subfield code="b">UNIPILB</subfield>
   <subfield code="c">SERIALS</subfield>
   <subfield code="e">20120831</subfield>
   <subfield code="h">Αλφαβητική σειρά</subfield>
   <subfield code="p">76352</subfield>
   <subfield code="q">76352</subfield>
   <subfield code="t">NOLOAN</subfield>
   <subfield code="v">vol.28;no.3:(Μήνας)August;(Έτος)2012</subfield>
   <subfield code="y">23</subfield>
  </datafield>
  <datafield tag="852" ind1=" " ind2=" ">
   <subfield code="a">INST</subfield>
   <subfield code="b">UNIPILB</subfield>
   <subfield code="c">SERIALS</subfield>
   <subfield code="e">20121210</subfield>
   <subfield code="h">Αλφαβητική σειρά</subfield>
   <subfield code="p">77327</subfield>
   <subfield code="q">77327</subfield>
   <subfield code="t">NOLOAN</subfield>
   <subfield code="v">vol.28;no.4:(Μήνας)November;(Έτος)2012</subfield>
   <subfield code="y">23</subfield>
  </datafield>
  <datafield tag="852" ind1=" " ind2=" ">
   <subfield code="a">INST</subfield>
   <subfield code="b">UNIPILB</subfield>
   <subfield code="c">SERIALS</subfield>
   <subfield code="e">20130314</subfield>
   <subfield code="h">Αλφαβητική σειρά</subfield>
   <subfield code="p">78410</subfield>
   <subfield code="q">78410</subfield>
   <subfield code="t">NOLOAN</subfield>
   <subfield code="v">vol.27;no.2:(Μήνας)May;(Έτος)2011</subfield>
   <subfield code="y">23</subfield>
  </datafield>
  <datafield tag="852" ind1=" " ind2=" ">
   <subfield code="a">INST</subfield>
   <subfield code="b">UNIPILB</subfield>
   <subfield code="c">SERIALS</subfield>
   <subfield code="e">20131112</subfield>
   <subfield code="h">Αλφαβητική σειρά</subfield>
   <subfield code="p">81313</subfield>
   <subfield code="q">81313</subfield>
   <subfield code="t">NOLOAN</subfield>
   <subfield code="v">vol.29;no.1:(Μήνας)February;(Έτος)2013</subfield>
   <subfield code="y">23</subfield>
  </datafield>
  <datafield tag="852" ind1=" " ind2=" ">
   <subfield code="a">INST</subfield>
   <subfield code="b">UNIPILB</subfield>
   <subfield code="c">SERIALS</subfield>
   <subfield code="e">20131112</subfield>
   <subfield code="h">Αλφαβητική σειρά</subfield>
   <subfield code="p">81314</subfield>
   <subfield code="q">81314</subfield>
   <subfield code="t">NOLOAN</subfield>
   <subfield code="v">vol.29;no.2:(Μήνας)May;(Έτος)2013</subfield>
   <subfield code="y">23</subfield>
  </datafield>
  <datafield tag="852" ind1=" " ind2=" ">
   <subfield code="a">INST</subfield>
   <subfield code="b">UNIPILB</subfield>
   <subfield code="c">SERIALS</subfield>
   <subfield code="e">20131112</subfield>
   <subfield code="h">Αλφαβητική σειρά</subfield>
   <subfield code="p">81315</subfield>
   <subfield code="q">81315</subfield>
   <subfield code="t">NOLOAN</subfield>
   <subfield code="v">vol.29;no.3:(Μήνας)August;(Έτος)2013</subfield>
   <subfield code="y">23</subfield>
  </datafield>
  <datafield tag="852" ind1=" " ind2=" ">
   <subfield code="a">INST</subfield>
   <subfield code="b">UNIPILB</subfield>
   <subfield code="c">SERIALS</subfield>
   <subfield code="e">20131112</subfield>
   <subfield code="h">Αλφαβητική σειρά</subfield>
   <subfield code="p">81316</subfield>
   <subfield code="q">81316</subfield>
   <subfield code="t">NOLOAN</subfield>
   <subfield code="v">vol.29;no.4:(Μήνας)November;(Έτος)2013</subfield>
   <subfield code="y">23</subfield>
  </datafield>
  <datafield tag="856" ind1="4" ind2="1">
   <subfield code="u">http://www.sname.org.</subfield>
  </datafield>
  <datafield tag="900" ind1=" " ind2=" ">
   <subfield code="a">Vol. 30 no. 1 (February 2014)</subfield>
   <subfield code="b">Οφειλόμενο</subfield>
   <subfield code="c">13/06/2017</subfield>
  </datafield>
  <datafield tag="900" ind1=" " ind2=" ">
   <subfield code="a">Vol. 21 no. 4 (November 2005)</subfield>
   <subfield code="b">Οφειλόμενο</subfield>
   <subfield code="c">19/04/2007</subfield>
  </datafield>
  <datafield tag="900" ind1=" " ind2=" ">
   <subfield code="a">Vol. 22 no. 1 (February 2006)</subfield>
   <subfield code="b">Οφειλόμενο</subfield>
   <subfield code="c">14/09/2007</subfield>
  </datafield>
  <datafield tag="900" ind1=" " ind2=" ">
   <subfield code="a">Vol. 22 no. 2 (May 2006)</subfield>
   <subfield code="b">Οφειλόμενο</subfield>
   <subfield code="c">14/09/2007</subfield>
  </datafield>
  <datafield tag="900" ind1=" " ind2=" ">
   <subfield code="a">Vol. 22 no. 3 (August 2006)</subfield>
   <subfield code="b">Οφειλόμενο</subfield>
   <subfield code="c">13/11/2007</subfield>
  </datafield>
  <datafield tag="900" ind1=" " ind2=" ">
   <subfield code="a">Vol. 22 no. 4 (November 2006)</subfield>
   <subfield code="b">Οφειλόμενο</subfield>
   <subfield code="c">13/02/2008</subfield>
  </datafield>
  <datafield tag="900" ind1=" " ind2=" ">
   <subfield code="a">Vol. 24 no. 1 (February 2008)</subfield>
   <subfield code="b">Οφειλόμενο</subfield>
   <subfield code="c">26/03/2009</subfield>
  </datafield>
  <datafield tag="900" ind1=" " ind2=" ">
   <subfield code="a">Vol. 24 no. 2 (May 2008)</subfield>
   <subfield code="b">Οφειλόμενο</subfield>
   <subfield code="c">21/07/2010</subfield>
  </datafield>
  <datafield tag="900" ind1=" " ind2=" ">
   <subfield code="a">Vol. 24 no. 3 (August 2008)</subfield>
   <subfield code="b">Οφειλόμενο</subfield>
   <subfield code="c">21/07/2010</subfield>
  </datafield>
  <datafield tag="900" ind1=" " ind2=" ">
   <subfield code="a">Vol. 24 no. 4 (November 2008)</subfield>
   <subfield code="b">Οφειλόμενο</subfield>
   <subfield code="c">21/07/2010</subfield>
  </datafield>
  <datafield tag="900" ind1=" " ind2=" ">
   <subfield code="a">Vol. 25 no. 1 (February 2009)</subfield>
   <subfield code="b">Οφειλόμενο</subfield>
   <subfield code="c">21/07/2010</subfield>
  </datafield>
  <datafield tag="900" ind1=" " ind2=" ">
   <subfield code="a">Vol. 25 no. 2 (May 2009)</subfield>
   <subfield code="b">Οφειλόμενο</subfield>
   <subfield code="c">21/07/2010</subfield>
  </datafield>
  <datafield tag="900" ind1=" " ind2=" ">
   <subfield code="a">Vol. 25 no. 3 (August 2009)</subfield>
   <subfield code="b">Οφειλόμενο</subfield>
   <subfield code="c">12/09/2010</subfield>
  </datafield>
  <datafield tag="900" ind1=" " ind2=" ">
   <subfield code="a">Vol. 25 no. 4 (November 2009)</subfield>
   <subfield code="b">Οφειλόμενο</subfield>
   <subfield code="c">14/12/2010</subfield>
  </datafield>
  <datafield tag="900" ind1=" " ind2=" ">
   <subfield code="a">Vol. 27 no. 1 (February 2011)</subfield>
   <subfield code="b">Οφειλόμενο</subfield>
   <subfield code="c">10/02/2012</subfield>
  </datafield>
  <datafield tag="950" ind1=" " ind2=" ">
   <subfield code="a">01/02/2003</subfield>
   <subfield code="c">ANACO Κ. ΑΝΑΓΝΩΣΤΟΥ Ε.Π.Ε., ΜΗΧΑΝΗΜΑΤΑ ΚΑΙ ΣΥΣΤΗΜΑΤΑ ΟΡΓΑΝΩΣΗΣ ΓΡΑΦΕΙΟΥ</subfield>
   <subfield code="d">110</subfield>
  </datafield>
  <datafield tag="951" ind1=" " ind2=" ">
   <subfield code="a">Vol. 29 no. 1 (February 2013) - Vol. 29 no. 4 (November 2013)</subfield>
   <subfield code="b">Main run</subfield>
  </datafield>
  <datafield tag="951" ind1=" " ind2=" ">
   <subfield code="a">Vol. 19 no. 1 (February 2003) - Vol. 20 no. 4 (November 2004)</subfield>
   <subfield code="b">Main run</subfield>
  </datafield>
  <datafield tag="951" ind1=" " ind2=" ">
   <subfield code="a">Vol. 21 no. 1 (February 2005) - Vol. 21 no. 3 (August 2005)</subfield>
   <subfield code="b">Main run</subfield>
  </datafield>
  <datafield tag="951" ind1=" " ind2=" ">
   <subfield code="a">Vol. 23 no. 1 (February 2007) - Vol. 23 no. 4 (November 2007)</subfield>
   <subfield code="b">Main run</subfield>
  </datafield>
  <datafield tag="951" ind1=" " ind2=" ">
   <subfield code="a">Vol. 26 no. 1 (February 2010) - Vol. 26 no. 4 (November 2010)</subfield>
   <subfield code="b">Main run</subfield>
  </datafield>
  <datafield tag="951" ind1=" " ind2=" ">
   <subfield code="a">Vol. 27 no. 2 (May 2011) - Vol. 27 no. 4 (November 2011)</subfield>
   <subfield code="b">Main run</subfield>
  </datafield>
  <datafield tag="951" ind1=" " ind2=" ">
   <subfield code="a">Vol. 28 no. 1 (February 2012) - Vol. 28 no. 4 (November 2012)</subfield>
   <subfield code="b">Main run</subfield>
  </datafield>
 </record>
</collection>
